mais exercícios - Statistics

Estatísticas Gerais
  • Esse quiz foi jogado 22 vezes
  • A pontuação média é 7 de 12
Estatísticas das Respostas
Hint Resposta % Correto
PANE À BAIXA ALTURA Familiarizar o piloto com uma possível __________________. Altura e direção estão incompatíveis com os pontos-chave _ e _. Assim, só resta tempo suficiente para encaixar-se no ponto _, definir rapidamente um local de pouso enquanto tenta reacender o motor e se preparar para o pouso. Não é necessário _____ __ ____. falha do motor após a decolagem 1 2 3 informar ao controle
88%
● O aluno definirá o local para pouso dentro de uma área defasada em, no máximo, __º para cada lado da proa inicial, levando o passo para ____, ____ a Booster e citando os procedimentos de FALHA DO MOTOR APÓS A DECOLAGEM; 45 minimo ligando
75%
● O aluno colocará a atitude para estabelecer o planeio de __ kt; 90
75%
● ______ o sistema; despressurizar
75%
● Seletora de emergência em ____. flape
75%
● O instrutor deverá simular a pane entre __ e ___ ft. AGL, reduzindo o manete dos gases para __ pol; 800 1000 10
63%
● O IN deverá comandar o início do procedimento de _____ a ___ ft AGL. Esse procedimento garantirá uma arremetida segura acima de ___ft. arremetida 350 300
63%
É PROIBIDO _____ A AERONAVE DURANTE A EXECUÇÃO DO TRÁFEGO DE EMERGÊNCIA EM CAMPO PREPARADO, DO TRÁFEGO DE EMERGÊNCIA EM CAMPO NÃO PREPARADO E DA PANE À BAIXA ALTURA. glissar
63%
● Durante a execução da arremetida no ar, o instrutor primeiramente colocará a seletora de emergência em ___ e, na sequência, _____ o sistema hidráulico. Após isso, o aluno prosseguirá nos demais itens daarremetida no ar. neutro pressurizará
63%
PROCEDIMENTO DE RECOLHIMENTO VETORADO Finalidade: reorientar pilotos que se perderam em voo e não conseguem se localizar na Área de Instrução. Possibilita ao controle (____) localizar com eficiência a aeronave perdida e fornecer à mesma uma proa direta para a AFA. argos
50%
Caso um aluno solo se perca e não consiga se localizar nem pelas referências visuais da Área, nem pela utilização do ADF, VOR ou GPS, será obrigatório realizar o Recolhimento Vetorado. Neste caso o voo será considerado “Deficiente” em ___ __ ____.O não cumprimento desta determinação por parte do aluno, mesmo que consiga retornar sozinho, será considerado indisciplina de voo e resultará em grau ___ com a consequente reprovação do instruendo no curso. orientação na área perigoso
25%
PROCEDIMENTO DE RECOLHIMENTO VETORADO SIMULADO
O procedimento será realizado na frequência de ____.
― “____, ___ ZERO UNO SOLICITA ____ IDEAL PARA ____, PROCEDIMENTO
SIMULADO”
A partir daí, o aluno aponta para o IN a direção da ___.
Caso o procedimento seja real, o final da mensagem (“PROCEDIMENTO SIMULADO”) deverá ser omitido.
argos apolo proa academia afa
0%
Nenhum quiz correspondente encontrado
Distribuição das Pontuações
Porcentagem de Pessoas com Cada Pontuação
Percentil de Números Respondidos
Sua Pontuação Histórica
Você não jogou esse quiz